| 000 | 00630nam a22001937a 4500 | ||
|---|---|---|---|
| 003 | OSt | ||
| 005 | 20260122050324.0 | ||
| 008 | 260122b |||||||| |||| 00| 0 eng d | ||
| 020 | _a 0-86730-836-2 | ||
| 040 |
_aDWC-Main lib _cOC |
||
| 082 | _aCirc. 643.58 W241e 2000 | ||
| 100 | _aWalton, Stewart | ||
| 245 |
_aEasy home improvement : _b your home office/ _cStewart Walton |
||
| 260 |
_aN.Y : _bLebhar- Friedman books , _c c2000. |
||
| 300 |
_a111 pages : _bcolor illustrations ; _c22cm. |
||
| 504 | _aIncludes index and glossary | ||
| 650 | _a1. Home offices -- Design and construction | ||
| 942 |
_2ddc _cBK-CIRC _kCirc. _n0 |
||
| 999 |
_c7691 _d7691 |
||